000 00621nam a2200217Ia 4500
003 OSt
005 20221007083248.0
006 a|||||r|||| 00| 0
007 ta
008 221006b |||||||| |||| 00| 0 eng d
024 _a38,475
037 _cTheseses
040 _aFLL
_cFLL
_beng
041 _2eng
_aeng
100 _aPadmini Singh
_9539479
245 0 _aMeasures for diverting prisoners away from prison
_b critical study of measures invoked for creating alternatives to prisonization
260 _c2007
300 _axii,302p
_ccm.
942 _cDIS
_2CC
999 _c1169435
_d1169435